• 首页
  • 本馆介绍
  • 公告通知
  • 最新文献
  • 馆藏检索
  • 电子资源
  • 读者导购
  • 参考咨询
  • 我的图书馆
  • 登录
  • 详细信息显示
  • 放入我的书架
  • 预约/预借图书
  • 作者相关作品
  • 分类相关作品
  • 丛书相关作品
  • 出版社相关作品

书目信息

  • 表格格式
  • 工作单格式
  • 卡片格式
题名:
幼儿园科学活动设计案例
    
 
作者: 吴伟俊 , 成静 主编
分册:  
出版信息: 武汉   武汉大学出版社  2018.03
页数: 327页
开本: 26cm
丛书名: 幼儿园活动设计指导丛书
单 册:
中图分类: G613.3
科图分类:
主题词: 科学知识--ke xue zhi shi--教学研究--学前教育
电子资源:
ISBN: 978-7-307-19984-2
000 01085nam 2200277 450
001 CAL 0120182446401
005 20180414170913.
010    @a978-7-307-19984-2@b@dCNY46.00
100    @a20180414d2018 em y0chiy50 ea
101 0  @achi
102    @aCN@b420000
105    @ay z 000yy
106    @ar
200 1  @a幼儿园科学活动设计案例@Ayou er yuan ke xue huo dong she ji an li@f主编吴伟俊, 成静@g
210    @a武汉@c武汉大学出版社@d2018.03
215    @a327页@c@d26cm
225 2  @a幼儿园活动设计指导丛书@Ayou er yuan huo dong she ji zhi dao cong shu
330    @a本书为本丛书中的一本, 根据幼儿的年龄特征、幼儿对科学有着一定的好奇心, 按小班上下篇、中班上下篇、大班上下篇等, 编写了80篇左右的案列, 结合讲故事、做游戏等活动, 培养幼儿对于科学的兴趣, 让幼儿在玩的同时学到科学知识。
410  0 @12001 @a幼儿园活动设计指导丛书
606 0  @a科学知识@Ake xue zhi shi@x教学研究@x学前教育
690    @aG613.3@v5
701  0 @a吴伟俊@Awu wei jun@4主编
701  0 @a成静@Acheng jing@4主编
801  0 @aCN@b人天书店@c20180414@g
905    @aBZT@dG613.3@e1
906    @dCNY46.00@n3@r1
    
    幼儿园科学活动设计案例/主编吴伟俊, 成静.-武汉:武汉大学出版社,2018.03
    327页;26cm.-(幼儿园活动设计指导丛书)
    
    
    ISBN 978-7-307-19984-2:CNY46.00
    本书为本丛书中的一本, 根据幼儿的年龄特征、幼儿对科学有着一定的好奇心, 按小班上下篇、中班上下篇、大班上下篇等, 编写了80篇左右的案列, 结合讲故事、做游戏等活动, 培养幼儿对于科学的兴趣, 让幼儿在玩的同时学到科学知识。
●
相关链接 在五车中查询图书 在当当中查询图书 在豆瓣中查询图书


正题名:幼儿园科学活动设计案例     索取号:G613.3/1         预约/预借

序号 登录号 条形码 馆藏地/架位号 状态 备注
1 853349   2000853349   第二书库/ [索取号:G613.3/1] 在馆    
2 853350   2000853350   第二书库/ [索取号:G613.3/1] 在馆    
3 853351   2000853351   第二书库/ [索取号:G613.3/1] 在馆    
山东省滨州职业学院图书馆 欢迎您!
大连网信软件有限公司© 版权所有